[Event "Thailand op 11th"]
[Site "Pattaya"]
[Date "2011.04.12"]
[Round "2"]
[White "Akharaboollasez, Akharin"]
[Black "L'Ami, Alina"]
[Result "0-1"]
[WhiteElo "1911"]
[BlackElo "2297"]
[PlyCount "54"]
[EventDate "2011.04.11"]
[EventType "swiss"]
[EventRounds "9"]
[EventCountry "THA"]
[SourceTitle "CBM 141 Extra"]
[Source "ChessBase"]
[SourceDate "2011.05.03"]
[SourceVersion "1"]
[SourceVersionDate "2011.05.03"]
[SourceQuality "1"]

1. e4 c5 2. Nc3 d6 3. f4 g6 4. Nf3 Bg7 5. Bb5+ Bd7 6. Bc4 Nc6 7. d3 Na5 8. Bb3 b5 9. Qe2 Bxc3+ 10. bxc3 c4 11. dxc4 bxc4 12. Bxc4 Qc7 13. Nd2 Rb8 14. Bb3 Qxc3 15. Rb1 Nxb3 16. cxb3 Bb5 17. Bb2 Qa5 18. Qe3 Nf6 19. a3 0-0 20. b4 Qa6 21. h3 Rbc8 22. Kf2 Rc2 23. Kg3 Rxd2 24. Kh2 Re2 25. Qg3 Nxe4 26. Qh4 Qb6 27. Ba1 Qf2 0-1